| 000 | 00598nam a22001937a 4500 | ||
|---|---|---|---|
| 005 | 20180416122945.0 | ||
| 010 | _aENG-122581 | ||
| 020 |
_a9789352806027 _c450.00 |
||
| 035 | _aEN-106113 | ||
| 037 | _bDBAD/PUB | ||
| 082 | _a510.24372 | ||
| 100 | _aPatmore, Mark | ||
| 245 |
_aPassing the numeracy skills test / _cby Mark Patmore _b |
||
| 250 | _a5th edn. | ||
| 260 |
_aNew Delhi _bSage Publications _c2018 |
||
| 270 |
_aB-1/I-1, Mohan Cooperative Industrial Area, Mathura Road, _bNew Delhi _e110044 |
||
| 300 |
_a85p. _c22m.(pbk) _bill. |
||
| 942 |
_2ddc _cEN _mPAT _h510.24372 |
||
| 999 |
_c151225 _d151225 |
||